Foundation Engineering Handbook : (Record no. 32151)

000 -LEADER
fixed length control field 01530cam a22003494a 4500
001 - CONTROL NUMBER
control field 14053627
003 - CONTROL NUMBER IDENTIFIER
control field OSt
005 - DATE AND TIME OF LATEST TRANSACTION
control field 20210811114715.0
008 - FIXED-LENGTH DATA ELEMENTS--GENERAL INFORMATION
fixed length control field 050727s2006 nyua bf 001 0 eng
010 ## - LIBRARY OF CONGRESS CONTROL NUMBER
LC control number 2005052290
020 ## - INTERNATIONAL STANDARD BOOK NUMBER
International Standard Book Number 0071447695
038 ## - RECORD CONTENT LICENSOR
Staff Name khadija
040 ## - CATALOGING SOURCE
Original cataloging agency DLC
Transcribing agency DLC
Modifying agency DLC
042 ## - AUTHENTICATION CODE
Authentication code pcc
050 00 - LIBRARY OF CONGRESS CALL NUMBER
Classification number TA775
Item number .D39 2006
082 00 - DEWEY DECIMAL CLASSIFICATION NUMBER
Classification number 624.15
Edition number 22
Author Mark DAY
100 1# - MAIN ENTRY--PERSONAL NAME
Personal name Day, Robert W.
9 (RLIN) 36263
245 10 - TITLE STATEMENT
Title Foundation Engineering Handbook :
Remainder of title design and construction with the 2006 international building code /
Statement of responsibility, etc. Robert W. Day.
260 ## - PUBLICATION, DISTRIBUTION, ETC.
Place of publication, distribution, etc. New York :
Name of publisher, distributor, etc. McGraw-Hill,
Date of publication, distribution, etc. 2006.
300 ## - PHYSICAL DESCRIPTION
Extent 1 v. (various pagings) :
Other physical details ill. ;
Dimensions 24 cm.
504 ## - BIBLIOGRAPHY, ETC. NOTE
Bibliography, etc. note Includes bibliographical references and index.
563 ## - BINDING INFORMATION
Binding note hard cover
650 #0 - SUBJECT ADDED ENTRY--TOPICAL TERM
Topical term or geographic name entry element Foundations
Form subdivision Handbooks, manuals, etc.
9 (RLIN) 81395
650 #0 - SUBJECT ADDED ENTRY--TOPICAL TERM
Topical term or geographic name entry element Soil mechanics
Form subdivision Handbooks, manuals, etc.
9 (RLIN) 81396
650 #0 - SUBJECT ADDED ENTRY--TOPICAL TERM
Topical term or geographic name entry element Standards, Engineering
Form subdivision Handbooks, manuals, etc.
9 (RLIN) 81397
856 42 - ELECTRONIC LOCATION AND ACCESS
Materials specified Contributor biographical information
Uniform Resource Identifier <a href="http://www.loc.gov/catdir/enhancements/fy0625/2005052290-b.html">http://www.loc.gov/catdir/enhancements/fy0625/2005052290-b.html</a>
856 42 - ELECTRONIC LOCATION AND ACCESS
Materials specified Publisher description
Uniform Resource Identifier <a href="http://www.loc.gov/catdir/enhancements/fy0625/2005052290-d.html">http://www.loc.gov/catdir/enhancements/fy0625/2005052290-d.html</a>
856 41 - ELECTRONIC LOCATION AND ACCESS
Materials specified Table of contents only
Uniform Resource Identifier <a href="http://www.loc.gov/catdir/enhancements/fy0625/2005052290-t.html">http://www.loc.gov/catdir/enhancements/fy0625/2005052290-t.html</a>
906 ## - LOCAL DATA ELEMENT F, LDF (RLIN)
a 7
b cbc
c orignew
d 1
e ocip
f 20
g y-gencatlg
942 ## - ADDED ENTRY ELEMENTS (KOHA)
Source of classification or shelving scheme
Koha item type Book
Holdings
Withdrawn status Lost status Source of classification or shelving scheme Damaged status Not for loan Permanent Location Current Location Shelving location Date acquired Full call number Barcode Date last seen Price effective from Koha item type Public note
          School of Mechanical & Manufacturing Engineering (SMME) School of Mechanical & Manufacturing Engineering (SMME) Reference 07/27/2015 624.15 DAY SMME-854 03/27/2018 07/27/2015 Book Rack,11-Shelf,3
© 2023 Central Library, National University of Sciences and Technology. All Rights Reserved.